Notturni da 1 a 19 (Record no. 102263)
[ view plain ]
| 000 -LEADER | |
|---|---|
| fixed length control field | 01354njm a2200289Ia 4500 |
| 001 - CONTROL NUMBER | |
| control field | 27209 |
| 003 - CONTROL NUMBER IDENTIFIER | |
| control field | IT-RoPAU |
| 005 - DATE AND TIME OF LATEST TRANSACTION | |
| control field | 20220918181152.0 |
| 008 - FIXED-LENGTH DATA ELEMENTS--GENERAL INFORMATION | |
| fixed length control field | 131025s9999 xx 000 0 und d |
| 040 ## - CATALOGING SOURCE | |
| Original cataloging agency | IT-RoPAU |
| 040 ## - CATALOGING SOURCE | |
| Transcribing agency | IT-RoPAU |
| 999 ## - SYSTEM CONTROL NUMBERS (KOHA) | |
| Koha Dewey Subclass [OBSOLETE] | n.d. |
| 100 ## - MAIN ENTRY--PERSONAL NAME | |
| Personal name | Chopin Fryderyk |
| 9 (RLIN) | 17410 |
| 100 ## - MAIN ENTRY--PERSONAL NAME | |
| Relator term | Autore musica |
| 9 (RLIN) | 17411 |
| 100 ## - MAIN ENTRY--PERSONAL NAME | |
| Miscellaneous information | Codice autore musica SPICS: 8056 |
| 9 (RLIN) | 17412 |
| 245 ## - TITLE STATEMENT | |
| Title | Notturni da 1 a 19 |
| 250 ## - EDITION STATEMENT | |
| Edition statement | 1a ed. |
| 260 ## - PUBLICATION, DISTRIBUTION, ETC. (IMPRINT) | |
| Place of publication, distribution, etc. | ROMA |
| 260 ## - PUBLICATION, DISTRIBUTION, ETC. (IMPRINT) | |
| Name of publisher, distributor, etc. | RCA (RADIO CORP. AMERICA) |
| Date of publication, distribution, etc. | 1975 [1a Ed.:1975 - Ed. Lingua Orig.: 1830] |
| 300 ## - PHYSICAL DESCRIPTION | |
| Extent | DISCO |
| 300 ## - PHYSICAL DESCRIPTION | |
| Dimensions | 106 minuti (Testo: pag.) |
| 500 ## - GENERAL NOTE | |
| General note | Musica classica. Musica da camera. Romantica |
| 505 ## - FORMATTED CONTENTS NOTE | |
| Formatted contents note | N 1 in si b min op 9 n 1 - N 18 in mi mag op 62 n 2 - N 2 in mi b mag op 9 n 2 - N 19 in mi min op 72 n 1 - N 3 in si mag op 9 n 3 - N 4 in fa mag op 15 n 1 - N 5 in fa d mag op 15 n 2 - N 6 in sol min op 15 n 3 - N 7 in do d min op 27 n 1 - N 8 in re b mag op 27 n 2 - N 9 in si mag op 32 n 1 - N 10 in la b mag op 32 n 2 - N 11 in sol mag op 32 n 1 - N 12 in sol mag op 37 n 2 - N 13 in do min op 48 n 2 - N 14 in fa d min op 48 n 2 - N 15 in fa min op 55 n 2 - N 16 in mi b mag op 55 n 2 - N 17 in si mag op 62 n 2 |
| 511 ## - PARTICIPANT OR PERFORMER NOTE | |
| Participant or performer note | Alexander Brailowsky: pianoforte |
| 650 ## - SUBJECT ADDED ENTRY--TOPICAL TERM | |
| Topical term or geographic name as entry element | MUSICA CAMERA [DISCHI] |
| Relator term | Codice MATERIA SPICS: 9950 |
| 9 (RLIN) | 9264 |
| 942 ## - ADDED ENTRY ELEMENTS (KOHA) | |
| Koha item type | DISCHI |
| Source of classification or shelving scheme | Dewey Decimal Classification |
| Withdrawn status | Lost status | Damaged status | Not for loan | Home library | Current library | Date acquired | Total Checkouts | Full call number | Date last seen | Price effective from | Koha item type | Public note |
|---|---|---|---|---|---|---|---|---|---|---|---|---|
| Buone Condizioni | Not For Loan | SPICS-MEDIATECA | SPICS-MEDIATECA | 25/10/2013 | 27209 | 25/10/2013 | 25/10/2013 | DISCHI | Progr. Ins.: 6766 / N.Vol.: 2 / Copie: 1 - Copia rara: n.d. / date import: 01.01.2014 - By Epidotti, Trombetti, Vaglietti |